ENCYCLOPAEDIA BRITANICA. (Plastics to Razin) Vol 18. (Record no. 79775)
[ view plain ]
| 000 -LEADER | |
|---|---|
| fixed length control field | 00455nam a2200157Ia 4500 |
| 008 - FIXED-LENGTH DATA ELEMENTS--GENERAL INFORMATION | |
| fixed length control field | 210210b1970 xxu||||| |||| 00| 0 eng d |
| 082 ## - DEWEY DECIMAL CLASSIFICATION NUMBER | |
| Classification number | 030 ENCY |
| 100 ## - MAIN ENTRY--PERSONAL NAME | |
| Personal name | ENCYCLOPAEDIA BRITANICA |
| 245 ## - TITLE STATEMENT | |
| Title | ENCYCLOPAEDIA BRITANICA. (Plastics to Razin) Vol 18. |
| 260 ## - PUBLICATION, DISTRIBUTION, ETC. | |
| Place of publication, distribution, etc. | Chicago. |
| Name of publisher, distributor, etc. | Encyclopaedia Britanica, Inc, William Benton., |
| Date of publication, distribution, etc. | 1970 |
| 300 ## - PHYSICAL DESCRIPTION | |
| Extent | 1197 |
| 440 ## - SERIES STATEMENT/ADDED ENTRY--TITLE | |
| Title | 18 |
| 650 ## - SUBJECT ADDED ENTRY--TOPICAL TERM | |
| Topical term or geographic name entry element | Encyclopaedia Britanica<br/><br/> |
| 690 ## - LOCAL SUBJECT ADDED ENTRY--TOPICAL TERM (OCLC, RLIN) | |
| Topical term or geographic name as entry element | Encyclopaedia |
| 906 ## - LOCAL DATA ELEMENT F, LDF (RLIN) | |
| a | 028532 |
| Withdrawn status | Lost status | Damaged status | Not for loan | Collection code | Home library | Current library | Shelving location | Date acquired | Cost, normal purchase price | Total Checkouts | Full call number | Barcode | Date last seen | Price effective from | Koha item type |
|---|---|---|---|---|---|---|---|---|---|---|---|---|---|---|---|
| St Aloysius Library | St Aloysius Library | 02/17/2021 | 0.00 | 030 ENCY | 028532 | 02/17/2021 | 02/17/2021 | Book |